000 005290000a22001810004500
001 768714001
003 CO-MdFUSB
005 20170503111337.0
008 170503s1995 sp ||||| |||| 00| 0 spa d
040 _aCO-MdFUSB
_bspa
_cCO-MdFUSB
_dCO-MdFUSB
041 _aspa
100 1 _aBurt, D. David
_eautor
245 1 0 _aEl precio del liderazgo
300 _aVolumen 2, (1995) Páginas 5 - 15
_c21 cm.
546 _aTexto en español
773 0 _tAndamio
_049451
_960442
_gVolumen 2, (1995) Páginas 5 - 15
_qPágina 5
942 _cANA
999 _c49710
_d49710